00555nam a22001457a 4500003000400000005001700004008004100021040001400062100002700076245008800103260001000191300002900201500014700230504003200377OSt20171010095440.0120608t xxu||||| |||| 00| 0 eng d aMMSUcULS aLagmay, Neva Jayne A.  aAdoption of the beekeeping technology in Sinait, Ilocos Sur cNeva Jayne A. Lagmay  c2007  axvi, 48 leaves c28 cm.  aThesis (BS Development Communication) -- Mariano Marcos State University-College of Agriculture, Food and Sustainable Development, Batac City  aBibliography: leaves 38-39